00296 a2200133 4500001000700000020001800007040003500025100002300060240002600083245002100109300001000130362000900140440001300149156783 a9788526260081 cEscola São Tomás de Aquino aMACHADO, Ana Maria10aO jardim secretolpor10aO jardim secreto a48 p.0 a2004 1aScipione